| 000 | 00710nam a2200265 i 4500 | ||
|---|---|---|---|
| 001 | 33616 | ||
| 003 | ES-MaACL | ||
| 005 | 20250819044023.0 | ||
| 007 | t| | ||
| 008 | 030202s1980 fr |||| | fre d | ||
| 020 | _a2-13-036843-3 | ||
| 080 | _a164 | ||
| 080 | _a167.4 | ||
| 100 | 1 |
_aBlanché, Robert. _9141148 |
|
| 245 | 1 | 2 |
_aL'axiomatique / _cRobert Blanchè. |
| 250 | _a6eme ed. | ||
| 260 |
_aParis : _bPresses Universitaires de France, _c1980. |
||
| 300 |
_a108 p. ; _c21 cm. |
||
| 490 | 1 |
_aLe philosphe ; _v17 |
|
| 650 | 4 |
_aAxiomas. _9141149 |
|
| 650 | 0 | 4 |
_aCiencia- _xMetodología _910958 |
| 830 | 0 |
_aLe philosphe ; _v17 _9229462 |
|
| 852 |
_aES-MaACL _jL-11485 |
||
| 999 |
_c33616 _d33616 |
||